Normal view MARC view
  • McGrigors

Entry Corporate Name

Number of records used in: 8

001 - CONTROL NUMBER

  • control field: 5941

003 - CONTROL NUMBER IDENTIFIER

  • control field: SIRSI

005 - DATE AND TIME OF LATEST TRANSACTION

  • control field: 20190806150248.0

008 - FIXED-LENGTH DATA ELEMENTS

  • fixed length control field: 110419n| acannaabn |n ana d

040 ## - CATALOGING SOURCE

  • Original cataloging agency: OSt
  • Transcribing agency: OSt

110 2# - HEADING--CORPORATE NAME

  • Corporate name or jurisdiction name as entry element: McGrigors

670 ## - SOURCE DATA FOUND

  • Source citation: Property litigation mini guide, 2010